000 00759nam a22002537a 4500
001 BR7502675
003 BR-BrBNA
005 20230928084747.0
007 ta
008 230509b bl.||||| |||| 00| 0 por d
040 _aBR-BrBNA
_bpor
_cBiblioteca Nacional de Agricultura
041 _a(Por)
072 _aE70; E15
_b/G514
090 _ E70 BR7502675
110 1 _aOrganizacao das Cooperativas Brasileiras, Brasilia, DF
_97707
245 1 _aInformacoes sobre Organizacao das Cooperativas Brasileiras e Organizacoes das Cooperativas Estaduais
260 3 _aBrasilia, DF (Brasil):
_c1975.
300 _a19 p.
650 _aMicroeconomia
650 _aComercializacao
650 _aCooperativa
909 _a202309
_bLucia
_c55
_dLucia Elande
942 _cBK
999 _c20942
_d20942